Statystyki dla Piłkarze i ich narodowości

Kliknij tutaj aby rozwiązać quiz!

Ogólne statystyki

  • Ten quiz został rozwiązany 341 razy
  • Średni wynik to 9 z 15

Statystyki odpowiedzi

PiłkarzeNarodowości% Poprawnych
Thiago CionekPolska
95%
Phillip MaxNiemcy
81%
Gedson FernandesPortugalia
80%
Marcus BergSzwecja
70%
Milot RashicaKosowo
68%
Taulant XhakaAlbania
63%
Ragnar KlavanEstonia
62%
Samuel RondonWenezuela
62%
Mariano DiazDominikana
61%
Naby KeitaGwinea
53%
Sam VokesWalia
47%
Enis BardhiMacedonia
44%
Steven DavisIrlandia Północna
41%
Bertrand TraoreBurkina Faso
33%
Artur IoniťaMołdawia
21%

Rozkład punktacji

Percentyl według liczby udzielonych odpowiedzi

Procent ludzi z każdym wynikiem

Twoja historia wyników

Nie rozwiązałeś tego quizu